| 000 | 00382nam a22001457a 4500 | ||
|---|---|---|---|
| 020 | _a9788126554232 | ||
| 040 | _cNUST | ||
| 082 |
_a510.2462 _bKRE |
||
| 100 |
_aErwin Kreyszig _913321 |
||
| 245 | _aAdvanced Engineering Mathematics | ||
| 250 | _aTenth Edition | ||
| 260 |
_aNew Delhi: _bJohn Wiley, _c2018. |
||
| 650 |
_aAdvanced Engineering Mathematics _962117 |
||
| 942 |
_2ddc _cBK |
||
| 999 |
_c610036 _d610036 |
||